000
00362 a2200121 4500
005
20240408162357.0
008
240408b |||||||| |||| 00| 0 eng d
020
_a
9789390869930
100
_a
Joshi L.
_9
113850
245
_a
प्राचीन भारताचा उज्वल इतिहास
260
_b
Vishwakarma Publication
_c
2021
942
_c
BK
999
_c
357216
_d
357216